[Event "TCh-MNE 1st League"]
[Site "Tivat MNE"]
[Date "2011.10.13"]
[Round "6.5"]
[White "Georgiev,Ki"]
[Black "Perunovic,Mil"]
[Result "1/2-1/2"]
[WhiteElo "2664"]
[BlackElo "2576"]

1.d4 d5 2.c4 c6 3.Nf3 Nf6 4.e3 a6 5.Bd3 Bg4 6.Nbd2 e6 7.O-O Nbd7 8.b3 Bd6
9.Bb2 Qb8 10.Qc2 Bh5 11.h3 O-O 12.Rac1 Re8 13.Rfe1 Bg6 14.Bxg6 hxg6 15.e4 dxe4
16.Nxe4 Nxe4 17.Qxe4 a5 18.a4 Be7 19.Rcd1 Qc7 20.Bc1 Rad8 21.Qc2 Nf6 22.Be3 Bb4
23.Rf1 c5 24.Rd3 cxd4 25.Nxd4 e5 26.Nb5 Qe7 27.Rfd1 e4 28.Rxd8 Rxd8 29.Rxd8+ Qxd8
30.Bd4 Qe7 31.Nc3 Bd6 32.Qd2 Be5 33.Bxe5 Qxe5 34.Nd5 Qa1+ 35.Kh2 Qe5+ 36.g3 Kh7
37.Qxa5 e3 38.Qe1 Nxd5 39.cxd5 exf2 40.Qxe5 f1=Q 41.Qe4 Qd1 42.d6 Qxb3 43.Qd4 Qc2+
44.Kg1 Qb1+ 45.Kf2 Qf5+ 46.Ke3 Qe6+ 47.Kd2 Qa2+ 48.Kd1 Qb3+ 49.Ke2 Qe6+ 50.Kf3 Qf5+
51.Qf4 Qd3+ 52.Kf2 Qc2+ 53.Ke1 Qd3 54.h4 f6 55.Kf2 Kg8 56.Qb4 Qd5 57.Ke3 Kf7
58.Qd4 Qe6+ 59.Kf3 Qf5+  1/2-1/2

[Event "TCh-MNE 1st League"]
[Site "Tivat MNE"]
[Date "2011.10.15"]
[Round "8.4"]
[White "Georgiev,Ki"]
[Black "Arsovic,Z"]
[Result "1/2-1/2"]
[WhiteElo "2664"]
[BlackElo "2444"]

1.d4 Nf6 2.c4 g6 3.Nc3 Bg7 4.e4 d6 5.Bd3 O-O 6.Nge2 c5 7.d5 e6 8.h3 Nfd7
9.b3 exd5 10.exd5 Re8 11.Bd2 Ne5 12.Bc2 Na6 13.O-O Nb4 14.Bb1 b5 15.a3 Na6
16.cxb5 Nc7 17.Ra2 a6 18.b6 Nb5 19.Na4 a5 20.b4 axb4 21.axb4 Nd4 22.Ng3 Bb7
23.bxc5 Bxd5 24.Ra3 dxc5 25.Bf4 Qh4 26.Bxe5 Rxe5 27.Ba2 c4 28.Rc3 Ne6 29.b7 Bxb7
30.Rxc4 Qd8  1/2-1/2

[Event "TCh-MNE 1st League"]
[Site "Tivat MNE"]
[Date "2011.10.16"]
[Round "9.3"]
[White "Nikcevic,N"]
[Black "Georgiev,Ki"]
[Result "0-1"]
[WhiteElo "2412"]
[BlackElo "2664"]

1.Nf3 d5 2.d4 Nf6 3.c4 e6 4.e3 c5 5.Nc3 dxc4 6.Bxc4 a6 7.Bd3 Nbd7 8.O-O b5
9.a4 b4 10.Ne4 Bb7 11.Nxf6+ Nxf6 12.dxc5 Bxc5 13.Qe2 Qd5 14.Rd1 Qh5 15.Ne1 Qxe2
16.Bxe2 Ke7 17.Nd3 Bd6 18.a5 Bc6 19.Bd2 Rab8 20.f3 Nd7 21.e4 Bb5 22.Bg5+ f6
23.Be3 Rhc8 24.Rdc1 Ne5 25.Nxe5 Rxc1+ 26.Rxc1 Bxe5 27.Bxb5 Rxb5 28.Rc5 Rxc5
29.Bxc5+ Bd6 30.Bb6 Kd7 31.b3 Kc6 32.Bd8 Bc5+  0-1

[Event "XXIII Roquetas Open"]
[Site "Roquetas de Mar ESP"]
[Date "2012.01.02"]
[Round "1"]
[White "Navarrete Espi,S"]
[Black "Georgiev,Ki"]
[Result "0-1"]
[WhiteElo "2120"]
[BlackElo "2658"]

1.e4 c6 2.d4 d5 3.Nc3 dxe4 4.Nxe4 Bf5 5.Ng3 Bg6 6.h4 h6 7.Nf3 Nd7 8.h5 Bh7
9.Bd3 Bxd3 10.Qxd3 Ngf6 11.Bd2 e6 12.O-O-O Be7 13.Kb1 O-O 14.Ne4 Nxe4 15.Qxe4 Nf6
16.Qe2 Qd5 17.Be3 Rad8 18.Nd2 Qb5 19.c4 Qf5+ 20.Ka1 Ng4 21.f3 Nxe3 22.Qxe3 Bg5
23.Qf2 Qc2 24.Rhf1 Rxd4 25.Qxd4 Bf6 26.Rc1 Qxc1+ 27.Rxc1 Bxd4 28.Kb1 Be3
29.Kc2 Rd8 30.Rd1 Rxd2+  0-1

[Event "XXIII Roquetas Open"]
[Site "Roquetas de Mar ESP"]
[Date "2012.01.03"]
[Round "2"]
[White "Georgiev,Ki"]
[Black "Kovacevic,Sl"]
[Result "1-0"]
[WhiteElo "2658"]
[BlackElo "2321"]

1.d4 Nf6 2.c4 e6 3.Nc3 c5 4.d5 exd5 5.cxd5 d6 6.Nf3 g6 7.Bf4 a6 8.a4 Qe7
9.h3 Nbd7 10.e3 Bg7 11.Be2 O-O 12.O-O Ne8 13.Nd2 Ne5 14.a5 f5 15.Na4 Nf6
16.Nb6 Rb8 17.b4 cxb4 18.Rb1 Nfd7 19.Rxb4 g5 20.Bh2 Nxb6 21.Rxb6 f4 22.exf4 gxf4
23.Kh1 Bf5 24.Bxf4 Bc2 25.Qxc2 Rxf4 26.Rb3 Qd8 27.Qa2 Nd7 28.Nc4 Nc5 29.Rf3 Rxf3
30.Bxf3 Qf6 31.Qe2 Bf8 32.Bg4 Kh8 33.g3 Qc3 34.Bf5 Qg7 35.Qh5 Nd7 36.Re1 Nf6
37.Qf3 Qc7 38.Bd3 Bg7 39.Re6 Rf8 40.Qe4  1-0

[Event "XXIII Roquetas Open"]
[Site "Roquetas de Mar ESP"]
[Date "2012.01.04"]
[Round "4"]
[White "Georgiev,Ki"]
[Black "Perez Mitjans,O"]
[Result "1-0"]
[WhiteElo "2658"]
[BlackElo "2477"]

1.d4 Nf6 2.c4 c5 3.d5 b5 4.Nf3 g6 5.cxb5 a6 6.b6 Qxb6 7.Nc3 Bg7 8.e4 O-O
9.Be2 d6 10.Nd2 Nbd7 11.Nc4 Qc7 12.Bf4 Rb8 13.O-O Nb6 14.Ne3 Bd7 15.Rc1 Nc8
16.b3 Na7 17.a4 Nc8 18.Re1 Nh5 19.Bxh5 gxh5 20.Nf5 Bxf5 21.exf5 Rb4 22.Ne4 Qb7
23.Re3 Nb6 24.Qxh5 Rxe4 25.Rxe4 Nxd5 26.Bh6 Kh8 27.Bxg7+ Kxg7 28.Qg5+ Kh8
29.Rg4  1-0

[Event "XXIII Roquetas Open"]
[Site "Roquetas de Mar ESP"]
[Date "2012.01.04"]
[Round "5"]
[White "Svetushkin,D"]
[Black "Georgiev,Ki"]
[Result "1/2-1/2"]
[WhiteElo "2598"]
[BlackElo "2658"]

1.e4 e5 2.Nf3 Nc6 3.Bb5 Nf6 4.d3 Bc5 5.c3 O-O 6.O-O Re8 7.Nbd2 Bf8 8.Re1 a6
9.Bxc6 bxc6 10.d4 exd4 11.cxd4 a5 12.b3 d5 13.e5 Nd7 14.Qc2 Ra6 15.Nf1 c5
16.Bg5 Be7 17.Bxe7 Qxe7 18.Rac1 Bb7 19.Ng3 Qf8 20.Nh5 Rc6 21.Qd2 a4 22.Nf4 axb3
23.axb3 Rb6 24.Nd3 Rxb3 25.Nxc5 Nxc5 26.Rxc5 c6 27.Ra1 Ra8 28.Rca5 Rxa5 29.Qxa5 Qe7
30.h3 h6 31.Qa7 Kh7 32.Qb8 Qe6 33.Re1 c5 34.dxc5 d4 35.Qd6 Bxf3 36.Qxe6 fxe6
37.gxf3 Rxf3 38.Re4 Rc3 39.Rxd4 Rxc5 40.Re4 Kg6 41.Rg4+ Kf7 42.Rf4+ Kg6 43.Rg4+ Kh7
44.Re4 g5 45.h4 gxh4 46.Kg2 Kg6 47.Kh3 Rc3+ 48.Kxh4 Kf5 49.Ra4 Rf3 50.Ra2 Kxe5
51.Kg4 Rf4+ 52.Kg3 Kf5 53.Ra8 Rg4+ 54.Kf3 Rg6 55.Rf8+ Ke5 56.Rh8 Kf5 57.Rf8+ Kg5
58.Kg3 h5 59.f3 Rg7 60.Kh3  1/2-1/2

[Event "XXIII Roquetas Open"]
[Site "Roquetas de Mar ESP"]
[Date "2012.01.05"]
[Round "6"]
[White "Georgiev,Ki"]
[Black "Ladron de Guevara Pinto,P"]
[Result "1/2-1/2"]
[WhiteElo "2658"]
[BlackElo "2299"]

1.d4 d5 2.c4 c6 3.Nf3 Nf6 4.e3 Bf5 5.Nc3 e6 6.Nh4 Be4 7.f3 Bg6 8.Qb3 Qc7
9.Bd2 a6 10.c5 e5 11.O-O-O Be7 12.g3 Nbd7 13.Na4 e4 14.Nxg6 hxg6 15.Be2 g5
16.f4 gxf4 17.gxf4 O-O-O 18.Rdg1 Rh7 19.Be1 g6 20.h4 Rdh8 21.Bf1 Ne8 22.Bh3 Kb8
23.f5 Bxh4 24.fxg6 fxg6 25.Bxd7 Qxd7 26.Rxg6 Bxe1 27.Rxe1 Rh1 28.Qd1 R1h3
29.a3 Qf7 30.Rg2 Rf3 31.Kb1 Ng7 32.Ka2 Nf5 33.Qd2 Rf8 34.Nb6 Ka7 35.Rg4 Qh5
36.Reg1 Nxe3 37.Rg8 Nc4 38.Qb4 a5 39.Rxf8 Rxf8 40.Qb3 Qf7 41.Rg3 Re8 42.Qc3 Kb8
43.Nxc4 dxc4 44.a4 Qc7 45.Rg5 Qd8 46.Qe3 Qf6 47.Rg4 Qf3 48.Rg3 Qd1 49.Qf4+ Ka8
50.Qc7 e3 51.Rxe3 Rxe3  1/2-1/2

[Event "XXIII Roquetas Open"]
[Site "Roquetas de Mar ESP"]
[Date "2012.01.05"]
[Round "7"]
[White "Georgiev,Ki"]
[Black "Paunovic,D"]
[Result "1/2-1/2"]
[WhiteElo "2658"]
[BlackElo "2520"]

1.Nf3 Nf6 2.c4 g6 3.Nc3 Bg7 4.e4 d6 5.d4 O-O 6.h3 e5 7.dxe5 dxe5 8.Be3 Nc6
9.Be2 b6 10.O-O Bb7 11.Re1 Re8 12.Bf1 Qxd1 13.Raxd1 Nb4 14.Bg5 h6 15.Bxf6 Bxf6
16.Nd5 Nxd5 17.cxd5 Rac8 18.Bb5 c6 19.dxc6 Bxc6 20.Bxc6 Rxc6 21.Re2 Rec8
22.g3 Rc1 23.Rxc1 Rxc1+ 24.Kg2 Kf8 25.Ne1 Rd1 26.Nc2 Be7 27.Ne3 Ra1 28.b3 h5
29.Nc4 f6 30.g4 hxg4 31.hxg4 Bc5 32.Rc2 Ke7 33.g5 Ke6 34.gxf6 Kxf6 35.Kf3 Ke6
36.Nd2 g5 37.Nc4 Re1 38.Rd2 g4+  1/2-1/2

[Event "XXIII Roquetas Open"]
[Site "Roquetas de Mar ESP"]
[Date "2012.01.06"]
[Round "8"]
[White "Anton Guijarro,D"]
[Black "Georgiev,Ki"]
[Result "0-1"]
[WhiteElo "2474"]
[BlackElo "2658"]

1.Nf3 Nf6 2.c4 e6 3.Nc3 d5 4.d4 c6 5.Bd2 dxc4 6.e4 b5 7.e5 Nd5 8.Ne4 Be7
9.b3 cxb3 10.axb3 Na6 11.Bd3 Nab4 12.Bb1 a5 13.Bg5 O-O 14.h4 Ra7 15.Bxe7 Qxe7
16.g4 f6 17.exf6 gxf6 18.g5 e5 19.gxf6 Nxf6 20.Nxe5 Bf5 21.Rg1+ Kh8 22.Ng5 Nd7
23.Bxf5 Nxe5 24.dxe5 Qxe5+ 25.Kf1 Nd5 26.Ra2 Rd7 27.Qa1 Qxa1+ 28.Rxa1 Rxf5
29.Rxa5 Kg7 30.Ra6 Nb4 31.Ra1 Kh6 32.Re1 Rf6 33.Rg3 Nd5 34.Ne4 Rf4 35.Ng5 Re7
36.Rxe7 Nxe7 37.Re3 Ng6 38.Nf3 c5 39.Rc3 b4 40.Rd3 c4 41.bxc4 Rxc4 42.Rd6 Kh5
43.Rd5+ Kg4 44.Ne5+ Nxe5 45.Rxe5 Kxh4 46.Kg2 Kg4 47.Re7 h5 48.Rb7 h4 49.Rg7+ Kf4
50.Rh7 Ke5 51.Rh5+ Kd6 52.Rb5 Kc6 53.Rb8 Kc5 54.Kf3 Kd4 55.Ke2 Kc3 56.Kd1 Kb2
57.Rf8 b3 58.f4 h3 59.Rh8 Rc1+  0-1

[Event "XXIII Roquetas Open"]
[Site "Roquetas de Mar ESP"]
[Date "2012.01.06"]
[Round "9"]
[White "Georgiev,Ki"]
[Black "Malakhatko,V"]
[Result "1/2-1/2"]
[WhiteElo "2658"]
[BlackElo "2524"]

1.d4 d5 2.c4 dxc4 3.e3 e5 4.Bxc4 exd4 5.exd4 Bd6 6.Nf3 Nf6 7.Qe2+ Be7 8.O-O O-O
9.Nc3 Bg4 10.h3 Bxf3 11.Qxf3 Nc6 12.Be3 Nxd4 13.Qxb7 c5 14.Nd5 Nxd5 15.Qxd5 Qxd5
16.Bxd5 Rad8 17.Bc4 Nc2 18.Rad1 Nxe3 19.fxe3 Rxd1 20.Rxd1 Rd8 21.Rf1 Rf8
22.b3 g6 23.e4 Kg7 24.e5 h5  1/2-1/2

[Event "11th Bergamo Open Elite"]
[Site "Bergamo ITA"]
[Date "2012.07.13"]
[Round "1.1"]
[White "Georgiev,Ki"]
[Black "Abella Vazquez,Ce"]
[Result "1-0"]
[WhiteElo "2680"]
[BlackElo "2093"]

1.d4 d5 2.c4 Bf5 3.cxd5 Bxb1 4.Qa4+ c6 5.dxc6 Nxc6 6.Rxb1 e5 7.Bd2 exd4 8.Nf3 Bc5
9.g3 Ne7 10.Bg2 O-O 11.b4 Bb6 12.b5 Nb8 13.O-O Nf5 14.Qc2 Nd6 15.Ng5 g6 16.Bf4 Nd7
17.Bxd6 Qxg5 18.Bxb7 Rad8 19.Bxf8 Nxf8 20.Qe4 Ne6 21.Bc6 h5 22.Kh1 Nc5 23.Qf4 Qxf4
24.gxf4 d3 25.Rfd1 d2 26.Rb4 Kg7 27.Kg2 Kf6 28.Kf3 Ne6 29.e3 Rd3 30.Ke2 Ra3
31.Rb3  1-0

[Event "Husek Vienna Open A"]
[Site "Vienna AUT"]
[Date "2012.08.13"]
[Round "1"]
[White "Georgiev,Ki"]
[Black "Kende,R"]
[Result "1-0"]
[WhiteElo "2682"]
[BlackElo "2077"]

1.g3 e5 2.c4 Nf6 3.Bg2 d5 4.cxd5 Nxd5 5.Nc3 Nb6 6.Nf3 Nc6 7.O-O Be7 8.a3 f5
9.d3 Bf6 10.e4 O-O 11.b4 Qe8 12.exf5 Bxf5 13.Ne4 Bg4 14.h3 Bh5 15.Bb2 Nd4
16.Bxd4 exd4 17.Re1 Qa4 18.Qb1 Nd7 19.Nxf6+ Nxf6 20.Nxd4 Qd7 21.Ne6 Rfe8
22.Nc5 Rxe1+ 23.Qxe1 Qd4 24.Rc1 Re8 25.Qc3 Qxc3 26.Rxc3 Re1+ 27.Kh2 b6 28.Na6 Re2
29.g4 Bf7 30.Kg3 Rd2 31.Nxc7 Bg6 32.Bf1  1-0

[Event "Husek Vienna Open A"]
[Site "Vienna AUT"]
[Date "2012.08.14"]
[Round "2"]
[White "Schwarhofer,C"]
[Black "Georgiev,Ki"]
[Result "0-1"]
[WhiteElo "2276"]
[BlackElo "2682"]

1.e4 e5 2.f4 exf4 3.Nf3 Be7 4.Bc4 Nf6 5.e5 Ng4 6.O-O d5 7.exd6 Qxd6 8.d4 O-O
9.Nc3 c6 10.Qd3 b5 11.Bb3 Na6 12.Qe4 Nf6 13.Qxf4 b4 14.Ne2 Nd5 15.Qxd6 Bxd6
16.Bxd5 cxd5 17.Bf4 Be7 18.Rae1 Re8 19.Ng3 Bd7 20.Rf2 Bf8 21.Rxe8 Rxe8 22.Re2 Rc8
23.Kf2 f6 24.Nf1 Bb5 25.Rd2 Nc7 26.Ne3 Ne6 27.Bg3 Rd8 28.h4 g6 29.Rd1 h5
30.Ne1 a5 31.Nd3 Nxd4 32.Bc7 Rd7 33.Bxa5 Nc6 34.Bb6 d4 35.Nf1 Rb7 36.Bc5 Bxd3
37.Bxf8 Bxf1 38.Bc5 Bc4 39.b3 Be6 40.Bxd4 Rd7 41.Ke3 Bf5 42.Rd2 Rxd4 43.Rxd4 Nxd4
44.Kxd4 Bxc2 45.Kc4 Bb1 46.Kxb4 Bxa2  0-1

[Event "Husek Vienna Open A"]
[Site "Vienna AUT"]
[Date "2012.08.15"]
[Round "3"]
[White "Georgiev,Ki"]
[Black "Atalik,E"]
[Result "1/2-1/2"]
[WhiteElo "2682"]
[BlackElo "2453"]

1.c4 e5 2.Nc3 Nf6 3.Nf3 Nc6 4.g3 d5 5.cxd5 Nxd5 6.Bg2 Nb6 7.O-O Be7 8.a3 g5
9.d4 exd4 10.Nb5 O-O 11.Nfxd4 Nxd4 12.Nxd4 Bf6 13.Be3 Nc4 14.Rc1 Nxe3 15.fxe3 Qe7
16.Rxf6 Qxf6 17.Rxc7 Qe5 18.Qc1 Re8 19.Kf2 Qf6+ 20.Kg1 Qe5 21.Rc5 Qxe3+ 22.Qxe3 Rxe3
23.Rxg5+ Kf8 24.Kf2 Re7 25.Bf3 a6 26.b4 Be6 27.a4 Rc8 28.b5 axb5 29.Rxb5 Bd7
30.Rxb7 Bxa4 31.Rb6 Bd7 32.Rd6 Rc5 33.g4 Be6 34.Kg3 h6 35.h3 Re8 36.Rb6 Rc4
37.Nc6 Kg7 38.Ne5 Rc3 39.Kf2 Bd5 40.Bxd5 Rxe5 41.Bf3 Rc7 42.Rd6 Rce7  1/2-1/2

[Event "Husek Vienna Open A"]
[Site "Vienna AUT"]
[Date "2012.08.16"]
[Round "4"]
[White "Okhotnik,V"]
[Black "Georgiev,Ki"]
[Result "1-0"]
[WhiteElo "2423"]
[BlackElo "2682"]

1.e4 c5 2.c3 e6 3.d4 d5 4.exd5 exd5 5.Nf3 Nc6 6.Bb5 Bd6 7.dxc5 Bxc5 8.O-O Ne7
9.Nbd2 O-O 10.Nb3 Bb6 11.Bg5 h6 12.Bh4 g5 13.Bg3 Nf5 14.Nfd4 Qf6 15.Nxf5 Bxf5
16.Qxd5 Rad8 17.Qf3 Qg6 18.Rfe1 h5 19.Bxc6 bxc6 20.Nd4 Rd5 21.Be5 Bd7 22.Qf6 Kh7
23.b4 Re8 24.Nf3 Qxf6 25.Bxf6 g4 26.Nd4 c5 27.bxc5 Rxc5 28.Rxe8 Bxe8 29.Nb3 Rc6
30.Bd4 Bxd4 31.cxd4 Rc2 32.d5 Kg6 33.h3 gxh3 34.gxh3 Bd7 35.h4 Kf6 36.Re1 Rc4
37.Re3 Rg4+ 38.Kf1 Bb5+ 39.Ke1 Rxh4 40.Nc5 Rd4 41.Ne4+ Kg7 42.Nd6 Bd3 43.Re7 Rxd5
44.Nxf7 Kf6 45.Rxa7 h4 46.f4 h3 47.Ne5 Bf5 48.Ra6+ Kg7 49.Nf3 Bg4 50.Nh2 Bf5
51.Ra3 Rc5 52.Rg3+ Kf6 53.Kf2 Rc2+ 54.Kg1 Rc1+ 55.Kf2 Ra1 56.a3 Be6 57.Rg5 Ra2+
58.Kg1 Ra1+ 59.Kf2 Bf5 60.Rg3 Ke6 61.Nf1 Ra2+ 62.Kg1 Ra1 63.Kf2 Kf6 64.Nh2 Rh1
65.Nf3 Rc1 66.Nh2 Bc8 67.Rg5 Rc2+ 68.Kg1 Rc1+ 69.Kf2 Ra1 70.Rg3 Bd7 71.Rg5 Be6
72.a4 Ra2+ 73.Kg1 Ra1+ 74.Kf2 Bf5 75.a5 Rxa5 76.Ng4+ Ke6 77.Kg3 Ra3+ 78.Kh2 Rc3
79.Nf2 Rc2 80.Kg3 Rc3+ 81.Kh2 Rf3 82.Ng4 Rb3 83.Nf2 Rc3 84.Ng4 Rd3 85.Nf2 Ra3
86.Rh5 Ra2 87.Kg3 Ra3+ 88.Kh2 Kf6 89.Nxh3 Bg4 90.Rh8 Kg7 91.Rh4 Bf5 92.Rh5 Ra2+
93.Kg3 Ra3+ 94.Kh2 Ra2+  1-0

[Event "77th ch-BUL 2013"]
[Site "Bankya BUL"]
[Date "2013.04.16"]
[Round "1.5"]
[White "Georgiev,Ki"]
[Black "Janev,T"]
[Result "1-0"]
[WhiteElo "2657"]
[BlackElo "2412"]

1.Nf3 Nf6 2.g3 d5 3.Bg2 g6 4.c4 Bg7 5.cxd5 Nxd5 6.O-O O-O 7.Nc3 c6 8.d4 Nd7
9.e4 Nxc3 10.bxc3 e5 11.Bg5 Qe8 12.Re1 h6 13.Bd2 Qe7 14.Qc2 b6 15.Rad1 Ba6
16.Qa4 Bb5 17.Qb3 a5 18.a4 Ba6 19.Nxe5 Nxe5 20.dxe5 b5 21.f4 bxa4 22.Qxa4 Bb5
23.Qa2 a4 24.Be3 Qe6 25.Qxe6 fxe6 26.Bc5 Rfd8 27.Bf1 Bxf1 28.Rxd8+ Rxd8 29.Kxf1 g5
30.Ke2 gxf4 31.gxf4 Rb8 32.Kd3 h5 33.Bd6 Rb2 34.f5 Kf7 35.Ra1 Rb5 36.f6 Bf8
37.Rxa4 Bxd6 38.Ra7+  1-0

[Event "77th ch-BUL 2013"]
[Site "Bankya BUL"]
[Date "2013.04.17"]
[Round "2.3"]
[White "Kozhuharov,S"]
[Black "Georgiev,Ki"]
[Result "1/2-1/2"]
[WhiteElo "2467"]
[BlackElo "2657"]

1.d4 d5 2.c4 c6 3.Nf3 Nf6 4.cxd5 cxd5 5.Nc3 Nc6 6.Bf4 Bf5 7.e3 e6 8.Qb3 Bb4
9.Bb5 O-O 10.O-O Bxc3 11.Bxc6 Bxb2 12.Bxb7 Bxa1 13.Rxa1 a5 14.Bxa8 Qxa8 15.Rc1 Rc8
16.Rxc8+ Qxc8 17.Qb8 Qxb8 18.Bxb8 Bb1 19.a4 Bc2 20.Bc7 Bxa4 21.Bxa5 Ne4 22.Bb4 f6
23.h4 h5 24.Nd2 Nxd2 25.Bxd2 Kf7 26.f3 Bc2 27.Kf2 Bf5 28.Ba5 g5 29.hxg5 fxg5
30.Bd8 Kg6 31.g3 g4 32.fxg4 Bxg4 33.Bc7 Kf5 34.Bd8 e5 35.dxe5 Kxe5 36.Bh4 d4
37.exd4+ Kxd4 38.Bg5 Kd5 39.Bh4 Kd4 40.Bg5 Kd5 41.Bh4  1/2-1/2

[Event "77th ch-BUL 2013"]
[Site "Bankya BUL"]
[Date "2013.04.20"]
[Round "5.3"]
[White "Georgiev,Ki"]
[Black "Dimitrov,R"]
[Result "1-0"]
[WhiteElo "2657"]
[BlackElo "2420"]

1.d4 c5 2.d5 e5 3.e4 a6 4.f4 exf4 5.Bxf4 Qf6 6.Qc1 Bd6 7.Bg5 Qg6 8.Nf3 h6
9.Be3 Qxe4 10.Bd3 Qxd5 11.Nc3 Qc6 12.Be4 Qc7 13.Nd5 Qd8 14.Qd2 Nf6 15.Nxf6+ Qxf6
16.O-O-O Be7 17.g4 d5 18.g5 Qd6 19.Qc3 Be6 20.Qxg7 Rf8 21.Nh4 Nc6 22.Nf5 Qc7
23.Rxd5 Bxd5 24.Bxd5 O-O-O 25.Bxc6 bxc6 26.gxh6 Bd6 27.Qg4 Kb7 28.h4 Be5
29.Bxc5 Qa5 30.Qb4+ Qxb4 31.Bxb4 Rg8 32.Rf1 Rg4 33.Bd2 Rg2 34.Be3 Re2 35.c3 Kc7
36.Bg5 Rh8 37.Nd4 Bxd4 38.Rxf7+ Kd6 39.cxd4 Kd5 40.h7 Kc4 41.b3+ Kc3 42.Kd1 Re6
43.Bd2+ Kd3 44.h5 Ree8 45.d5 cxd5 46.Rf3+ Kd4 47.Bc3+ Ke4 48.Bxh8 Rxh8 49.Rf7 Kd3
50.h6 d4 51.Rf3+ Ke4 52.Ke2 Rxh7 53.Rh3 a5 54.Rh4+ Kf5 55.Kd3 a4 56.Kxd4 axb3
57.axb3 Kg6 58.b4 Rd7+ 59.Ke4  1-0

[Event "77th ch-BUL 2013"]
[Site "Bankya BUL"]
[Date "2013.04.20"]
[Round "6.5"]
[White "Ninov,N"]
[Black "Georgiev,Ki"]
[Result "1/2-1/2"]
[WhiteElo "2504"]
[BlackElo "2657"]

1.e4 e5 2.Nf3 Nc6 3.Bc4 Bc5 4.c3 Nf6 5.d4 exd4 6.e5 d5 7.Bb5 Ne4 8.cxd4 Bb6
9.Be3 O-O 10.Bxc6 bxc6 11.O-O c5 12.dxc5 Nxc5 13.Nc3 Bb7 14.Bxc5 Bxc5 15.Rc1 Bb6
16.b4 Re8 17.Na4 d4 18.Nxb6 axb6 19.Qxd4 Qe7 20.Qc3 Bxf3 21.Qxf3 Rxa2 22.Qc3 Qxe5
23.Rce1 Re2 24.Rxe2 Qxe2 25.Qxc7 Qb5 26.Qd6 h6 27.h3 Re4 28.Rb1 Kh7 29.g3 Qf5
30.Rc1 Re6 31.Qc7 g6 32.h4 Qf3 33.Qc3 Qxc3 34.Rxc3 Re4 35.Rb3 b5 36.Kg2 Kg7
37.Kf3 Rc4 38.Ke3 Kf6 39.Kd2 Rd4+ 40.Kc3 Ke5 41.Kc2 Rc4+ 42.Kd2 Rd4+ 43.Kc2 Re4
44.Kd2 h5 45.Rf3 f5 46.Rc3 Rxb4 47.Rc6 Ke4 48.Rxg6 Rb2+ 49.Kc3 Rxf2 50.Rg5 Rh2
51.Kb4 Rh3 52.Rxh5 Rxg3 53.Rh7 f4 54.h5 Rg5 55.h6 Rh5 56.Re7+ Kf5 57.Rf7+ Ke4
58.h7 f3 59.Re7+ Kd3 60.Rf7 Ke2 61.Re7+ Kf1 62.Rf7 f2 63.Rg7 Ke1 64.Re7+ Kd1
65.Rf7 Rh4+ 66.Kxb5 Ke2 67.Re7+ Kd3 68.Rf7 Rh5+ 69.Kb4 Ke3 70.Re7+ Kf3 71.Rf7+ Kg2
72.Rg7+ Kf1 73.Re7 Rh2 74.Rf7 Rh6 75.Rg7  1/2-1/2

[Event "77th ch-BUL 2013"]
[Site "Bankya BUL"]
[Date "2013.04.21"]
[Round "7.2"]
[White "Georgiev,Ki"]
[Black "Rusev,K"]
[Result "1-0"]
[WhiteElo "2657"]
[BlackElo "2532"]

1.d4 d5 2.c4 dxc4 3.e3 e5 4.Bxc4 exd4 5.exd4 Nf6 6.Nf3 Bd6 7.Qe2+ Qe7 8.Qxe7+ Bxe7
9.O-O Be6 10.Bxe6 fxe6 11.Re1 Nc6 12.Rxe6 Rd8 13.Nc3 Nxd4 14.Nxd4 Rxd4 15.Be3 Rd7
16.Bc5 Kf7 17.Rxe7+ Rxe7 18.Bxe7 Kxe7 19.Re1+ Kd7 20.f3 c6 21.Kf2 Rf8 22.h4 Rf7
23.Ne4 Nxe4+ 24.Rxe4 Rf5 25.g4 Rc5 26.Re2 a5 27.h5 b5 28.f4 a4 29.Kf3 Rd5
30.f5 b4 31.Kf4 Rd4+ 32.Re4 Rxe4+ 33.Kxe4 Ke7 34.Kd4 Kf6 35.Kc4 b3 36.axb3 axb3
37.Kxb3 Kg5 38.Kc4 Kxg4 39.h6  1-0

[Event "77th ch-BUL 2013"]
[Site "Bankya BUL"]
[Date "2013.04.22"]
[Round "8.6"]
[White "Enchev,I"]
[Black "Georgiev,Ki"]
[Result "1/2-1/2"]
[WhiteElo "2451"]
[BlackElo "2657"]

1.d4 Nf6 2.c4 e6 3.Nc3 Bb4 4.Qc2 d5 5.a3 Bxc3+ 6.Qxc3 dxc4 7.Qxc4 b6 8.Nf3 Ba6
9.Qa4+ Qd7 10.Qxd7+ Nbxd7 11.Bg5 Ne4 12.Bh4 c5 13.e3 Bxf1 14.Rxf1 f6 15.Nd2 cxd4
16.exd4 Nxd2 17.Kxd2 O-O-O 18.Rac1+ Kb7 19.Bg3 Rc8 20.Rxc8 Rxc8 21.Re1 Re8
22.d5 e5 23.f4 Kc7 24.fxe5 Nxe5 25.Kc3 Kd6 26.Kd4 Rc8 27.Bxe5+ fxe5+ 28.Rxe5 Rc2
29.Rg5 g6 30.b3 Rd2+ 31.Kc4 Rc2+ 32.Kd4 Rd2+ 33.Kc4 Rc2+ 34.Kd4  1/2-1/2

[Event "77th ch-BUL 2013"]
[Site "Bankya BUL"]
[Date "2013.04.23"]
[Round "9.1"]
[White "Georgiev,Ki"]
[Black "Vutov,M"]
[Result "1-0"]
[WhiteElo "2657"]
[BlackElo "2362"]

1.d4 Nf6 2.Nf3 g6 3.c4 Bg7 4.Nc3 d6 5.g3 O-O 6.Bg2 Nbd7 7.O-O e5 8.e4 c6
9.Be3 exd4 10.Nxd4 Re8 11.h3 Ne5 12.b3 Qa5 13.Qc2 a6 14.Rad1 c5 15.Nde2 Qc7
16.f4 Nc6 17.Qd2 Bf8 18.f5 Bg7 19.g4 Ne5 20.Bh6 Bxh6 21.Qxh6 Qe7 22.g5 Nh5
23.Nd5 Qf8 24.Nc7 Qxh6 25.gxh6 Bd7 26.Rxd6 Rac8 27.Nxe8 Rxe8 28.Rfd1 Bc6
29.Rd8 Kf8 30.Rxe8+ Kxe8 31.Kf2 Ke7 32.fxg6 fxg6 33.Ke3 Nf6 34.Nf4 Ng8 35.Nd5+ Ke6
36.Kf4 Nf7 37.h4 Bxd5 38.Bh3+  1-0

[Event "77th ch-BUL 2013"]
[Site "Bankya BUL"]
[Date "2013.04.24"]
[Round "10.6"]
[White "Georgiev,Ki"]
[Black "Spasov,V"]
[Result "1/2-1/2"]
[WhiteElo "2657"]
[BlackElo "2566"]

1.d4 Nf6 2.Nf3 g6 3.c4 Bg7 4.Nc3 O-O 5.e4 d6 6.h3 e5 7.dxe5 dxe5 8.Qxd8 Rxd8
9.Bg5 Re8 10.Nd5 Nxd5 11.cxd5 c6 12.Bc4 cxd5 13.Bxd5 Nc6 14.O-O Be6 15.Bxe6 Rxe6
16.Rfd1 f6 17.Be3 Bf8 18.Kf1 Rd6 19.Rxd6 Bxd6 20.Rd1 Rd8 21.Ke2 Kf7 22.Ne1 Be7
23.Rxd8 Bxd8 24.Nd3 Be7 25.f3 h5 26.g4 hxg4 27.hxg4 g5 28.b3 Ke6 29.Kd2 b5
30.Bf2 a6 31.Be3 Nb4 32.Nxb4 Bxb4+ 33.Kd3 Kd7 34.Bd2 Bd6 35.Be1 Kc6 36.Bd2 Be7
37.b4 Kd7 38.Kc2 Ke6 39.Kb3 Bd6 40.a4 Kd7 41.axb5 axb5  1/2-1/2

[Event "77th ch-BUL 2013"]
[Site "Bankya BUL"]
[Date "2013.04.25"]
[Round "11.2"]
[White "Petkov,V"]
[Black "Georgiev,Ki"]
[Result "1/2-1/2"]
[WhiteElo "2566"]
[BlackElo "2657"]

1.d4 d5 2.c4 c6 3.cxd5 cxd5 4.Nf3 Nc6 5.Nc3 Nf6 6.Bf4 Bf5 7.e3 e6 8.Bd3 Bxd3
9.Qxd3 Bd6 10.Bxd6 Qxd6 11.O-O O-O 12.Rfc1 Rfc8 13.a3 a6 14.Ne2 Ne7 15.Rxc8+ Rxc8
16.Rc1 Rc7 17.Rxc7 Qxc7 18.Qc3 Qxc3 19.Nxc3 Nc6 20.Kf1 Kf8 21.Ke2 Ke7 22.Nd2 Nd7
23.Kd3 f5 24.h4 h6 25.f3 g5 26.hxg5 hxg5 27.g4 fxg4 28.fxg4 Nf6 29.Nf3 Nxg4
30.Nxg5 Nf6 31.Nf3 Kd6 32.Ng5 Ke7 33.Nf3 Kd6 34.Ne2 e5 35.dxe5+ Nxe5+ 36.Nxe5 Kxe5
37.Nd4 Kd6 38.Nf5+ Ke5 39.Nd4 Kd6 40.Nf5+ Ke5  1/2-1/2

[Event "TCh-MNE Prem 2013"]
[Site "Cetinje MNE"]
[Date "2013.06.24"]
[Round "1.1"]
[White "Damljanovic,B"]
[Black "Georgiev,Ki"]
[Result "0-1"]
[WhiteElo "2544"]
[BlackElo "2636"]

1.c4 Nf6 2.Nc3 e5 3.Nf3 Nc6 4.e3 Bb4 5.Qc2 Bxc3 6.Qxc3 Qe7 7.d4 d6 8.d5 Nb8
9.Nd2 O-O 10.Be2 a5 11.b3 Nbd7 12.O-O Nc5 13.Qc2 Bg4 14.f3 Bh5 15.Nb1 e4
16.Nc3 exf3 17.gxf3 Nfd7 18.Nb5 Ne5 19.Nd4 f5 20.Rf2 Qf6 21.Qd2 Rae8 22.Bb2 Qh6
23.Raf1 Rf7 24.Ba3 Ng6 25.Nc2 Nh4 26.Bxc5 dxc5 27.f4 b6 28.Bxh5 Qxh5 29.Qe2 Qh6
30.Rd1 g5 31.fxg5 Qxg5+ 32.Kh1 Rg7 33.Qf1 Re4 34.Rf4 h6 35.Qf2 Qe7 36.Rg1 Rg5
37.Rg3 Kh7 38.Kg1 Qe5 39.Kf1 Ng6 40.Rff3 f4 41.exf4 Nxf4 42.Re3 Qf5 43.Ne1 Rxg3
44.Rxg3 Re2 45.Qxe2 Nxe2+ 46.Kxe2 Qb1 47.a4 Qb2+ 48.Kf1 Qxh2 49.Rf3 Kg6 50.Nd3 Kg5
51.Nf2 h5 52.Rh3 Qe5 53.Kg2 Kf6 54.Rf3+ Ke7 55.Rd3 Kd7 56.Rg3 Kc8 57.Rd3 Kb7
58.Kf3 Qh2 59.Ke2 Qf4 60.Rf3 Qe5+ 61.Re3 Qb2+ 62.Kf3 Qc2 63.Nd3 h4 64.Nf2 Qg6
65.Ke2 Kc8 66.Rd3 Kb8 67.Kd2 Qg7 68.Ke2 Qb2+ 69.Ke3 Qc2 70.Kf3 h3  0-1

[Event "TCh-MNE Prem 2013"]
[Site "Cetinje MNE"]
[Date "2013.06.28"]
[Round "5.1"]
[White "Kosic,D"]
[Black "Georgiev,Ki"]
[Result "0-1"]
[WhiteElo "2501"]
[BlackElo "2636"]

1.d4 Nf6 2.Nf3 g6 3.Nc3 d5 4.Bf4 Bg7 5.e3 O-O 6.Be2 Bg4 7.h3 Bxf3 8.Bxf3 c6
9.O-O Nbd7 10.e4 dxe4 11.Nxe4 Nxe4 12.Bxe4 Qb6 13.c3 Qxb2 14.Rb1 Qxc3 15.Rxb7 Nf6
16.Bf3 e6 17.Qa4 Nd5 18.Bd6 Rfd8 19.Bc5 Nb6 20.Qxc6 Rac8 21.Qe4 Bxd4 22.Qf4 Bf6
23.Be7 Be5 24.Qe4 Rd7 25.Rxd7 Nxd7 26.Rd1 Qc7 27.Qh4 Nb6 28.Bd8 Qc5 29.g3 Nd5
30.Bg5 Qb5 31.Kg2 Rc4 32.g4 h5 33.Be2 Qc6 34.Kg1 Nf4 35.Bf1 Qf3 36.Rd8+ Kg7
37.Bxf4 Rxf4 38.Rd3 Qe4 39.Re3 Qd4 40.Be2 Bf6 41.Qg3 h4  0-1

[Event "TCh-MNE Prem 2013"]
[Site "Cetinje MNE"]
[Date "2013.07.01"]
[Round "8.1"]
[White "Brenjo,S"]
[Black "Georgiev,Ki"]
[Result "0-1"]
[WhiteElo "2499"]
[BlackElo "2636"]

1.e4 e5 2.Nf3 Nc6 3.Bb5 Nf6 4.O-O Nxe4 5.d4 Nd6 6.Bxc6 dxc6 7.dxe5 Nf5 8.Qxd8+ Kxd8
9.Nc3 Ke8 10.b3 Ne7 11.Bb2 Bg4 12.Nd4 Rd8 13.Ne4 Nf5 14.Nxf5 Bxf5 15.Rfe1 h5
16.c4 Bb4 17.Re3 Bxe4 18.Rxe4 Rd2 19.Bd4 Ke7 20.Be3 Rc2 21.e6 fxe6 22.a3 Bd6
23.b4 b6 24.Re1 c5 25.bxc5 bxc5 26.h4 Rb8 27.Bf4 Kd7 28.g4 g6 29.gxh5 gxh5
30.R1e3 Rf8 31.Rd3 Rf5 32.Be3 a6 33.Kf1 Ke7 34.Ke1 Kf7 35.Kd1 Rb2 36.Kc1 Re2  0-1

[Event "TCh-SRB 1st League 2013"]
[Site "Kragujevac SRB"]
[Date "2013.08.25"]
[Round "2.6"]
[White "Sedlak,N"]
[Black "Georgiev,Ki"]
[Result "0-1"]
[WhiteElo "2586"]
[BlackElo "2637"]

1.e4 c5 2.Nf3 d6 3.d4 cxd4 4.Nxd4 Nf6 5.Nc3 a6 6.Be2 Nbd7 7.Be3 e6 8.g4 h6
9.f4 g5 10.f5 e5 11.Nb3 b5 12.Bf3 Bb7 13.a3 Rc8 14.Qd3 h5 15.gxh5 g4 16.Bg2 Rxh5
17.O-O-O Nb6 18.Kb1 Nc4 19.Bc1 Qc7 20.Ne2 Bh6 21.Ng3 Rh4 22.Bxh6 Rxh6 23.Nd2 Ke7
24.Nxc4 bxc4 25.Qe3 Rch8 26.Qg5 Qb6 27.Bf1 c3 28.b3 Rxh2 29.Rxh2 Rxh2 30.Bc4 Qc5
31.Qc1 Bxe4 32.Nxe4 Nxe4 33.f6+ Nxf6 34.Bxa6 Ne4 35.Ka2 Rd2 36.Rf1 g3  0-1